00640nam a2200205Ia 4500003000400000005001700004008004100021020001900062040000700081041000800088082001500096100002300111245005500134260004100189300000900230650003300239942001300272999001900285952013000304OSt20251015092514.0250729s2005 xx 000 0 und d a978-9381052983 cAL aeng a371.4 CHAT aChaube S B9222986 aA text book of educational and vocational guidence aNew DelhibDominant Publishersc2005 a376p aGuidence Counselling9222987 2ddccBED c235697d235697 00104070aALbALd2025-07-29eSita Book Houseg250.00l0o371.4 CHATpBED01016r2025-07-29 16:54:13v250.00w2025-07-29yBK